Education in changing India /

Bibliographic Details
Main Author: Shrimali, K. L., 1909-
Format: Book
Language:English
Published: New York : Asia Pub. House, [1965]
Subjects:

MARC

Tag First Indicator Second Indicator Subfields
LEADER 00000cam a2200000 4500
001 in00000062174
005 20151008051656.0
008 711130s1965 nyu 00000 eng u
010 |a  65016098  
035 |a (OCoLC)00176558 
035 |9 AAG9341AM 
040 |c WSU  |d TXA  |d UtOrBLW 
049 |a TXAM  |c [466495] 
050 0 |a LA1151  |b .S419 1965 
092 |a 370.954  |b S561e, 1965 
100 1 |a Shrimali, K. L.,  |d 1909- 
245 1 0 |a Education in changing India /  |c [by] K. L. Shrimali. 
264 1 |a New York :  |b Asia Pub. House,  |c [1965] 
300 |a 256 pages 
336 |a text  |b txt  |2 rdacontent 
337 |a unmediated  |b n  |2 rdamedia 
338 |a volume  |b nc  |2 rdacarrier 
650 0 |a Education  |z India. 
999 |a MARS 
999 f f |s ef15f1fa-8d40-3c0f-8c23-80202dfdd6a6  |i e59bdd81-6bf0-37c4-8fdc-f0f2bc5ff0d8  |t 0 
952 f f |p normal  |a Texas A&M University  |b College Station  |c Sterling C. Evans Library  |d Evans: Library Stacks  |t 0  |e LA1151 .S419 1965  |h Library of Congress classification  |i unmediated -- volume  |m A14800826631 
998 f f |a LA1151 .S419 1965  |t 0  |l Evans: Library Stacks